Państwa z największą ilością KFC - Statystyki

Ogólne statystyki
  • Ten quiz został rozwiązany 71 razy
  • Średni wynik to 15 z 20
Statystyki odpowiedzi
# Państwo % Poprawnych
315 Polska
100%
3 943 Stany Zjednoczone
98%
639 Kanada
97%
216 Niemcy
94%
248 Francja
92%
~10 000 Chiny
91%
393 Meksyk
91%
1 140 Japonia
88%
1 000 Indie
84%
928 Wielka Brytania
84%
800 Australia
78%
190 Korea Południowa
78%
278 Turcja
78%
742 Indonezja
67%
960 Republika Południowej Afryki
66%
853 Tajlandia
58%
153 Tajwan
53%
770 Malezja
50%
220 Arabia Saudyjska
48%
332 Filipiny
47%
Nie znaleziono quizów pasujących do podanych kryteriów
Rozkład punktacji
Procent ludzi z każdym wynikiem
Percentyl według liczby udzielonych odpowiedzi
Twoja historia wyników
Nie rozwiązałeś tego quizu